| 000 | 01455nam a2200349 i 4500 | ||
|---|---|---|---|
| 001 | 768714001 | ||
| 003 | CO-MdFUSB | ||
| 005 | 20211004155729.0 | ||
| 007 | ta | ||
| 008 | 200513t2009 a|||| |||| 00| 0 cbg d | ||
| 020 | _a9789589834428 | ||
| 040 |
_aCO-MdFUSB _bspa _cCO-MdFUSB _dCO-MdFUSBC _erda |
||
| 041 | _aspa | ||
| 082 |
_223 _a222.11 _bAA113 |
||
| 240 | _aAarite taara neya dejbri ette tane moomate yajne (ette ennaka taarasa) : la historia de la gente que primero vivió Génesis 1-5 en la lengua chimila | ||
| 245 |
_aAarite taara neya dejbri ette tane moomate yajne _b: la historia de la gente que primero vivió Génesis 1-5 _c/ compilado por Margrit Hotz , Terrel Malone |
||
| 250 | _aPrimera edición | ||
| 264 | 1 |
_aMedellín, Colombia : _bFundación Universitaria Seminario Bíblico de Colombia, _c[2009] |
|
| 264 | 4 | _c©2009 | |
| 300 |
_c34 páginas ; _a22 cm |
||
| 336 |
_2rdacontent _atexto _btxt |
||
| 337 |
_2rdamedia _asin mediación _bn |
||
| 338 |
_2rdacarrier _avolumen _bnc |
||
| 505 | _aAarite taara neya dejri ette tane mmomate yajne Génesis, capítulos 1-5 -- Ni kakkewa ni koogre'eya Aarawa', ni kakkewabre -- Taarakakka - Glosario - ette ennaka taarasa - waacha taarasa | ||
| 630 | 0 | 7 |
_aBiblia. _pGénesis |
| 650 | 0 |
_916 _aBiblia |
|
| 700 |
_95080 _aHotz, Margrit _ecompilador |
||
| 700 |
_92985 _aMalone, Terrel. _eCompilador |
||
| 942 | _cBK | ||
| 945 | _aDani | ||
| 999 |
_c65869 _d65869 |
||